| 000 | 00368nam a22001457a 4500 | ||
|---|---|---|---|
| 003 | SGT | ||
| 020 | _a9789371266048 | ||
| 082 |
_a343.052 _bTAX |
||
| 100 | _aTAXMANN | ||
| 245 |
_aINCOME TAX ACT 1961 _bCOMPANIES ACT 2013 CGST ACT 2017 |
||
| 260 |
_aNEW DELHI _bTAXMANN _c2025 |
||
| 300 | _a3.11 | ||
| 653 | _aINCOME TAX ACT , COMPANIES ACT , CGST ACT | ||
| 942 |
_2ddc _cBK |
||
| 999 |
_c34367 _d34367 |
||